Hospitales y médicos queretanos /
Este libro es una compilación de las biografías de los más destacados médicos de Querétaro. Incluye también una breve historia de los hospitales más conocidos en el mismo estado.
Gardado en:
| Autor Principal: | |
|---|---|
| Formato: | Libro |
| Idioma: | Lingua castelá |
| Publicado: |
Querétaro, México :
Gobierno del Estado de Querétaro,
1973, c1973
|
| Temas: | |
| Etiquetas: |
Sen Etiquetas, Sexa o primeiro en etiquetar este rexistro!
|
MARC
| LEADER | 00000nam^a2200000^a^4500 | ||
|---|---|---|---|
| 001 | 000111607 | ||
| 005 | 20250521000000.0 | ||
| 009 | 20260310093837.112 | ||
| 037 | |a Acervo ITESO - Biblioteca | ||
| 041 | |a ESP | ||
| 082 | |a 610. 97245 |b DIA | ||
| 100 | |a Díaz R., Fernando |e (autor) | ||
| 245 | 1 | 0 | |a Hospitales y médicos queretanos / |c F. Díaz R. |
| 264 | 4 | |a Querétaro, México : |b Gobierno del Estado de Querétaro, |c 1973, c1973 | |
| 300 | |a 145 p. | ||
| 336 | |a texto |b txt |2 rdacontenido | ||
| 337 | |a sin mediación |b n |2 rdamedio | ||
| 338 | |a volumen |b nc |2 rdasoporte | ||
| 520 | |a Este libro es una compilación de las biografías de los más destacados médicos de Querétaro. Incluye también una breve historia de los hospitales más conocidos en el mismo estado. | ||
| 649 | |a XX | ||
| 650 | |a Médicos Mexicanos - |x Biografías | ||
| 650 | |a Hospitales - |z Querétaro - |x Historia | ||
| 650 | |a Hospitales - |z México - |x Historia | ||
| 650 | |a Medicina - |z Querétaro - |x Historia | ||
| 650 | |a Medicina - |z México - |x Historia | ||
| 650 | |a Ciencias Médicas - |z Querétaro - |x Historia | ||
| 650 | |a Ciencias Médicas - |z México - |x Historia | ||
| 650 | |a Ciencia - |z Querétaro - |x Historia | ||
| 650 | |a Ciencia - |z México - |x Historia | ||
| 910 | |a Fondo Salvador Reynoso Reynoso | ||
| 920 | |a Impresos - Libros | ||
| 930 | |a Fondos Especiales | ||
| 905 | |a 112 | ||
| 901 | |a 0800001057 |b IT2 |c ESP |u 20250521 | ||
| 902 | |a https://opac.biblio.iteso.mx/vufind/Record/000111607 | ||